Statistics for 20 Least Guessed Flags of the World

Click here to take the quiz!

General Stats

  • This quiz has been taken 170 times
  • The average score is 9 of 20

Answer Stats

% COUNTRY % Correct
29%Guinea
68%
25%Guinea-Bissau
62%
31%Mali
54%
28%Equatorial Guinea
52%
26%Gambia
52%
31%Vanuatu
52%
32%St. Vincent and the Grenadines
50%
29%Benin
49%
27%Solomon Islands
49%
32%Djibouti
48%
30%Mauritius
48%
32%Rep. of the Congo
43%
31%Rwanda
42%
32%Cape Verde
42%
30%Sierra Leone
38%
30%Suriname
38%
32%Namibia
27%
29%Bolivia
18%
30%St. Kitts & Nevis
17%
28%Sao Tome & Principe
15%

Score Distribution

Percentile by Number Answered

Percent of People with Each Score

Your Score History

You have not taken this quiz